00419nam a2200133 a 4500020002700000020003000027082001400057100001900071245004900090260004100139300000900180650002600189856007000215 a8120316096 (paperback) a9788120316096 (paperback) a658.8 KOT aKotler, Philip00aMarketing management: the millennium edition aNew DelhibPrentice Hall Indiac1999 a131p amanagementamarketing40uhttp://www.amazon.com/exec/obidos/ASIN/8120316096/chopaconline-20